000 00567nam a2200181Ia 4500
005 20260601193252.0
008 260601s9999||||xx |||||||||||||| ||und||
020 _a978-3-031-67416-7
_qebk
100 _aUmberto Tolino
245 0 _aDesign Behind Interaction
250 _a2024
260 _aHeidelberg, Germany
_bSpringer Nature
_c2024
440 _aSpringerBriefs in Applied Sciences and Technology
650 _aComputer Science
700 _aIlaria Mariani
856 _uhttps://link.springer.com/openurl?genre=book&isbn=978-3-031-67416-7
942 _cEB
_2ddc
999 _c56758
_d56758